000 00441nam a2200157Ia 4500
003 OSt
005 20200131092633.0
008 190216s9999||||xx |||||||||||||| ||und||
040 _coclc
082 _a519.5
_bPOT/Q
100 _aPotti, L R
_9868
245 0 _aQuantitative Methods /
_cL R Potti
260 _bYamuna Publications,
_aThiruvananthapuram:
300 _a420p
942 _cBK
_2ddc
_h519.5
_iPOT/Q
_k519.5
_mPOT/Q
999 _c6737
_d6737